Villes par codes d'aéroport - Statistiques

Statistiques générales
  • Ce quiz a été pris 2 047 fois
  • Le résultat moyen est 20 sur 32
Statistiques - réponses
Code Ville % Correct
CDG Paris
98%
MAD Madrid
97%
AMS Amsterdam
94%
JFK New York
92%
SYD Sydney
92%
SEA Seattle
86%
DUB Dublin
85%
LAX Los Angeles
83%
FRA Francfort
82%
PEK Pékin
76%
LHR Londres
75%
MEL Melbourne
74%
ZRH Zurich
71%
SFO San Francisco
66%
HAV La Havane
62%
CPH Copenhague
61%
BKK Bangkok
60%
BOM Mumbai
60%
CAI Le Caire
55%
FCO Rome
55%
WAW Varsovie
54%
NRT Tokyo
51%
KUL Kuala Lumpur
49%
PER Perth
49%
MNL Manille
48%
NBO Nairobi
39%
YYZ Toronto
39%
GIG Rio de Janeiro
36%
AKL Auckland
34%
ORD Chicago
31%
HNL Honolulu
31%
SGN Hô Chi Minh-Ville
24%
Aucun quiz correspondant
Distribution des résultats
% des personnes avec chaque résultat
Percentile par nombre de réponses
Votre historique - résultats
Vous n’avez pas pris ce quiz